000 00301nam a22001217a 4500
999 _c12610
_d12610
008 241220b 1993 ||||| |||| 00| 0 eng d
082 _a368.2
_bTNI
100 _aTNI
245 _aThe mariner and the maritime law
260 _aLondon
_bThe Nautical Institute
_c1993
300 _a58p.
942 _cBK